Czy jest w Polsce taki powiat? - Statystyki

Ogólne statystyki
  • Ten quiz został rozwiązany 353 razy
  • Średni wynik to 15 z 20
Statystyki odpowiedzi
Zagadnienie Odpowiedź % Poprawnych
powiat augustowski Tak
97%
powiat elbląski Tak
91%
powiat tczewski Tak
89%
powiat piszczacki Nie
88%
powiat białogardzki Tak
86%
powiat hrubieszowski Tak
84%
powiat nowosolski Tak
82%
powiat oleski Tak
81%
powiat sokołowski Tak
78%
powiat kolbuszowski Tak
78%
powiat lubański Tak
76%
powiat koźmiński Nie
74%
powiat wągrowiecki Tak
73%
powiat rudzki Nie
70%
powiat goleszowski Nie
70%
powiat fromborski Nie
59%
powiat chorzowski Nie
56%
powiat łosicki Tak
54%
powiat jastrzębski Nie
53%
powiat mysłowicki Nie
51%
Nie znaleziono quizów pasujących do podanych kryteriów
Rozkład punktacji
Procent ludzi z każdym wynikiem
Percentyl według liczby udzielonych odpowiedzi
Twoja historia wyników
Nie rozwiązałeś tego quizu